header

In the game (Record no. 87015)

MARC details
000 -LEADER
fixed length control field 01354nam a2200337Ia 4500
082 04 - DEWEY DECIMAL CLASSIFICATION NUMBER
Classification number 796/.089
245 00 - TITLE STATEMENT
Title In the game
260 ## - PUBLICATION, DISTRIBUTION, ETC. (IMPRINT)
Place of publication London ;
-- New York :
Name of publisher Palgrave Macmillan,
Year of publication 2005.
300 ## - PHYSICAL DESCRIPTION
Number of Pages 273 p.
650 #0 - SUBJECT ADDED ENTRY--TOPICAL TERM
Topical Term Racism in sports
Topical Term Discrimination in sports
Topical Term Sports
Topical Term Ethnic relations
700 1# - ADDED ENTRY--PERSONAL NAME
Personal name Bass, Amy.
856 40 - ELECTRONIC LOCATION AND ACCESS
Uniform Resource Identifier http://site.ebrary.com/lib/rucke/Doc?id=10135723

No items available.

© 2026 Rongo University
Contact us: librarian | system librarian | Rongo university